000
00321nam a22001457a 4500
008
231013b ||||| |||| 00| 0 eng d
020
_a
9781566390293
041
_a
eng
080
_a
159.9
082
_a
159.9WEI
100
_a
25
101
_a
PSI
245
_a
FEMINIST LEGAL THEORY
_c
FOUNDATIONS
942
_2
udc
_c
BK
999
_c
60449
_d
60449